[Event "Sentjur Ipavec Memorial 10th"]
[Site "Sentjur"]
[Date "2009.09.??"]
[Round "3"]
[White "Grm, Ivan"]
[Black "Urbanc, Suzana"]
[Result "1-0"]
[WhiteElo "1956"]
[BlackElo "1685"]
[PlyCount "62"]
[EventDate "2009.09.??"]
[EventType "swiss"]
[EventRounds "9"]
[EventCountry "SLO"]
[SourceTitle "CBM 132 Extra"]
[Source "ChessBase"]
[SourceDate "2009.11.03"]
[SourceVersion "1"]
[SourceVersionDate "2009.11.03"]
[SourceQuality "1"]

1. e4 e5 2. Nf3 Nc6 3. d4 exd4 4. Nxd4 Bc5 5. Be3 Qf6 6. c3 Nge7 7. Be2 Qg6 8. Nxc6 Qxc6 9. Bxc5 Qxc5 10. 0-0 d6 11. b4 Qe5 12. Qc2 g5 13. Nd2 g4 14. f4 Qg7 15. f5 Qg5 16. Nc4 d5 17. f6 Ng6 18. exd5 Qxd5 19. Qd2 Be6 20. Qxd5 Bxd5 21. Ne3 0-0-0 22. Bxg4+ Kb8 23. Rad1 Be4 24. Rxd8+ Rxd8 25. Rd1 Rxd1+ 26. Bxd1 b5 27. h3 h5 28. Bxh5 Ne5 29. Ng4 Nxg4 30. Bxg4 a6 31. Bf3 Bb1 1-0

[Event "Konjice op"]
[Site "Konjice"]
[Date "2009.04.05"]
[Round "9"]
[White "Grm, Ivan"]
[Black "Unuk, Laura"]
[Result "1-0"]
[WhiteElo "1975"]
[BlackElo "1500"]
[PlyCount "125"]
[EventDate "2009.03.26"]
[EventType "swiss"]
[EventRounds "9"]
[EventCountry "SLO"]
[SourceTitle "CBM 129 Extra"]
[Source "ChessBase"]
[SourceDate "2009.05.05"]
[SourceVersion "2"]
[SourceVersionDate "2009.05.20"]
[SourceQuality "1"]

1. e4 c6 2. d4 d5 3. Nc3 e6 4. f4 Bb4 5. exd5 exd5 6. Bd2 Nf6 7. Qe2+ Qe7 8. Qxe7+ Kxe7 9. 0-0-0 Bxc3 10. Bxc3 Ne4 11. h3 Nxc3 12. bxc3 Nd7 13. Bd3 Nf6 14. Nf3 Nh5 15. f5 Nf6 16. g4 Nd7 17. Kd2 f6 18. Rde1+ Kf7 19. Rh2 Re8 20. Rxe8 Kxe8 21. g5 fxg5 22. Nxg5 Nf6 23. Re2+ Kf8 24. Re5 h6 25. Nf3 Bd7 26. Nh4 Re8 27. Ke3 Kf7 28. c4 Kf8 29. Kf3 a6 30. c3 b6 31. cxd5 cxd5 32. Rxe8+ Nxe8 33. Bxa6 Nd6 34. Bd3 Bb5 35. Bc2 Bc4 36. a4 Ba6 37. Ng6+ Ke8 38. Ne5 Kd8 39. Kf4 b5 40. Bd3 Kc7 41. h4 Kb6 42. Nd7+ Ka5 43. Nc5 Kb6 44. Ke5 Nb7 45. Kxd5 Nxc5 46. dxc5+ Ka5 47. axb5 Bxb5 48. Bxb5 Kxb5 49. Kd6 Kc4 50. c6 Kxc3 51. c7 Kd4 52. c8Q Ke4 53. Ke6 Kf4 54. Qc4+ Kg3 55. Ke5 g5 56. fxg6 h5 57. Qf4+ Kg2 58. Qe3 Kh2 59. Qf3 Kg1 60. Qe2 Kh1 61. Kf4 Kg1 62. Kg3 Kh1 63. Qf1# 1-0

[Event "Konjice op"]
[Site "Konjice"]
[Date "2009.03.26"]
[Round "1"]
[White "Grm, Ivan"]
[Black "Mundjar, Aleksander"]
[Result "1-0"]
[WhiteElo "1975"]
[BlackElo "1500"]
[PlyCount "48"]
[EventDate "2009.03.26"]
[EventType "swiss"]
[EventRounds "9"]
[EventCountry "SLO"]
[SourceTitle "CBM 129 Extra"]
[Source "ChessBase"]
[SourceDate "2009.05.05"]
[SourceVersion "2"]
[SourceVersionDate "2009.05.20"]
[SourceQuality "1"]

1. e4 e5 2. Nf3 Nc6 3. d4 exd4 4. Nxd4 Nf6 5. Bg5 Be7 6. Nxc6 bxc6 7. Nc3 0-0 8. f4 d6 9. Bd3 d5 10. Bxf6 Bxf6 11. exd5 cxd5 12. Nxd5 Qxd5 13. Bxh7+ Kxh7 14. Qxd5 Rb8 15. 0-0 Bxb2 16. Rab1 Bb7 17. Qh5+ Kg8 18. Rxb2 Ba6 19. Rfb1 Ra8 20. Qc5 Rfc8 21. Re1 c6 22. Re7 f6 23. Rxa7 Be2 24. Rxg7+ Kh8 1-0

[Event "Sentjur Ipavec Memorial 9th"]
[Site "Sentjur"]
[Date "2008.11.15"]
[Round "8"]
[White "Vidic, Stojan"]
[Black "Grm, Ivan"]
[Result "1/2-1/2"]
[WhiteElo "1531"]
[BlackElo "2009"]
[PlyCount "104"]
[EventDate "2008.11.07"]
[EventType "swiss"]
[EventRounds "9"]
[EventCountry "SLO"]
[SourceTitle "EXT 2010"]
[Source "ChessBase"]
[SourceDate "2010.11.25"]
[SourceVersion "1"]
[SourceVersionDate "2010.11.25"]
[SourceQuality "1"]

1. e4 d6 2. d4 Nf6 3. Nc3 g6 4. Nf3 Bg7 5. h3 0-0 6. Be3 Nbd7 7. Qd2 c5 8. g4 cxd4 9. Nxd4 Nc5 10. Bg2 Qa5 11. g5 Nfd7 12. f4 Ne6 13. h4 Nxd4 14. Bxd4 Bxd4 15. Qxd4 Qc5 16. Qd2 Nb6 17. Bf1 Be6 18. h5 Bc4 19. Bd3 Kg7 20. 0-0-0 Bxd3 21. cxd3 Na4 22. Kb1 Nxc3+ 23. Qxc3+ Qxc3 24. bxc3 Rac8 25. Kb2 Rc6 26. Rd2 Rfc8 27. hxg6 fxg6 28. Rdh2 Rh8 29. a4 a5 30. c4 e6 31. Ka3 Rb6 32. Rc1 h5 33. gxh6+ Rxh6 34. Rxh6 Kxh6 35. Rh1+ Kg7 36. Rg1 Kf6 37. Rh1 e5 38. fxe5+ Kxe5 39. Rg1 Kd4 40. Rg3 Kc3 41. Rxg6 Rc6 42. c5 Kxd3 43. cxd6 Kxe4 44. Kb3 Rc8 45. d7 Rd8 46. Rd6 Ke5 47. Rd2 Ke6 48. Kc4 Rxd7 49. Rxd7 Kxd7 50. Kb5 Kd6 51. Kb6 Kd5 52. Kb5 Kd4 1/2-1/2

[Event "Sentjur Ipavec Memorial 9th"]
[Site "Sentjur"]
[Date "2008.11.14"]
[Round "7"]
[White "Grm, Ivan"]
[Black "Zoric, Darko"]
[Result "1/2-1/2"]
[WhiteElo "2009"]
[BlackElo "1592"]
[PlyCount "96"]
[EventDate "2008.11.07"]
[EventType "swiss"]
[EventRounds "9"]
[EventCountry "SLO"]
[SourceTitle "EXT 2010"]
[Source "ChessBase"]
[SourceDate "2010.11.25"]
[SourceVersion "1"]
[SourceVersionDate "2010.11.25"]
[SourceQuality "1"]

1. e4 c5 2. Nf3 Nc6 3. Nc3 e6 4. Bc4 d6 5. d3 Be7 6. Bd2 Nf6 7. Qe2 a6 8. a4 Bd7 9. 0-0 Nd4 10. Nxd4 cxd4 11. Nd1 e5 12. c3 dxc3 13. Nxc3 0-0 14. f4 Be6 15. Bxe6 fxe6 16. fxe5 dxe5 17. Bg5 Rc8 18. Rf3 Qb6+ 19. Kh1 Rf7 20. Nd1 Rcf8 21. Ne3 Qd8 22. Nc4 Ne8 23. Bxe7 Qxe7 24. Rxf7 Qxf7 25. Nxe5 Qf4 26. Nd7 Rf7 27. Nc5 e5 28. Kg1 Qf6 29. Rf1 Qb6 30. d4 Rxf1+ 31. Kxf1 Nd6 32. Qc2 exd4 33. e5 Nf5 34. Qxf5 Qxc5 35. Qe6+ Kf8 36. Qd6+ Qxd6 37. exd6 d3 38. Ke1 Ke8 39. Kd2 Kd7 40. Kxd3 Kxd6 41. Kd4 b6 42. b4 g6 43. g4 h6 44. h4 Ke6 45. a5 bxa5 46. bxa5 Kd6 47. Ke4 Ke6 48. Kf4 Kf6 1/2-1/2

[Event "Sentjur Ipavec Memorial 9th"]
[Site "Sentjur"]
[Date "2008.11.13"]
[Round "5"]
[White "Grm, Ivan"]
[Black "Vrankic, Zeljko"]
[Result "0-1"]
[WhiteElo "2009"]
[BlackElo "2113"]
[PlyCount "52"]
[EventDate "2008.11.07"]
[EventType "swiss"]
[EventRounds "9"]
[EventCountry "SLO"]
[SourceTitle "EXT 2010"]
[Source "ChessBase"]
[SourceDate "2010.11.25"]
[SourceVersion "1"]
[SourceVersionDate "2010.11.25"]
[SourceQuality "1"]

1. e4 c5 2. Nf3 d6 3. Nc3 Nf6 4. Bc4 e6 5. e5 dxe5 6. Nxe5 a6 7. d3 b5 8. Bb3 Bb7 9. 0-0 Bd6 10. Ng4 h5 11. Nxf6+ gxf6 12. Ne4 Be7 13. Be3 Nd7 14. f3 f5 15. Nf2 h4 16. Nh3 Rg8 17. Qe2 Nb6 18. Bf4 Nd5 19. Bxd5 Bxd5 20. c4 Bc6 21. Rad1 Bf6 22. Be5 Bxe5 23. Qxe5 Qd4+ 24. Qxd4 cxd4 25. Kf2 Ke7 26. Rde1 Kd6 0-1

[Event "Sentjur Ipavec Memorial 8th"]
[Site "Sentjur"]
[Date "2007.12.17"]
[Round "8"]
[White "Grm, Ivan"]
[Black "Nikolic, Stanko"]
[Result "0-1"]
[WhiteElo "2067"]
[BlackElo "2020"]
[PlyCount "96"]
[EventDate "2007.12.08"]
[EventType "swiss"]
[EventRounds "9"]
[EventCountry "SLO"]
[SourceTitle "EXT 2010"]
[Source "ChessBase"]
[SourceDate "2010.11.25"]
[SourceVersion "1"]
[SourceVersionDate "2010.11.25"]
[SourceQuality "1"]

1. e4 c5 2. Nf3 Nc6 3. d4 cxd4 4. Nxd4 Nf6 5. Nc3 e5 6. Ndb5 d6 7. Bg5 a6 8. Bxf6 gxf6 9. Na3 b5 10. Nd5 f5 11. exf5 Bxf5 12. Bd3 Be6 13. Be4 Rc8 14. c3 Bg7 15. 0-0 0-0 16. Ne3 Kh8 17. Nf5 d5 18. Bc2 Rg8 19. Qh5 e4 20. Nxg7 Rxg7 21. Rad1 Bg4 22. Qxd5 Bxd1 23. Rxd1 Qxd5 24. Rxd5 b4 25. Nb1 bxc3 26. bxc3 Ne7 27. Rd6 f5 28. Rxa6 Nd5 29. Bb3 Rb7 30. g3 Nxc3 31. Nxc3 Rxc3 32. h4 Kg7 33. h5 Rbc7 34. h6+ Kf8 35. Rf6+ Ke7 36. Rxf5 R3c5 37. Rf7+ Kd6 38. Rf6+ Ke5 39. Rf7 Rxf7 40. Bxf7 Rc6 41. Kg2 Rxh6 42. Bg8 Ra6 43. f3 e3 44. f4+ Kd4 45. Kf3 h6 46. g4 Kd3 47. Bc4+ Kxc4 48. Kxe3 Kd5 0-1

[Event "Sentjur Ipavec Memorial 8th"]
[Site "Sentjur"]
[Date "2007.12.17"]
[Round "9"]
[White "Spelec, Darko"]
[Black "Grm, Ivan"]
[Result "1-0"]
[WhiteElo "2019"]
[BlackElo "2067"]
[PlyCount "77"]
[EventDate "2007.12.08"]
[EventType "swiss"]
[EventRounds "9"]
[EventCountry "SLO"]
[SourceTitle "EXT 2010"]
[Source "ChessBase"]
[SourceDate "2010.11.25"]
[SourceVersion "1"]
[SourceVersionDate "2010.11.25"]
[SourceQuality "1"]

1. d4 d5 2. Nf3 Nf6 3. c4 c6 4. Bg5 Bf5 5. Nc3 e6 6. e3 Bb4 7. cxd5 exd5 8. a3 Bxc3+ 9. bxc3 Qa5 10. Qb3 Ne4 11. Rc1 Qb6 12. Qa2 Nd7 13. Be2 0-0 14. 0-0 Rfe8 15. Bf4 Nf8 16. h3 Qa5 17. Qa1 b5 18. Qb2 Qd8 19. Ne5 Qc8 20. g4 Bg6 21. f3 Nf6 22. Kf2 Ne6 23. Bg3 Nd7 24. Nxg6 fxg6 25. Kg2 g5 26. h4 Qd8 27. Rh1 Qe7 28. Bf2 gxh4 29. Rxh4 Nf4+ 30. exf4 Qxe2 31. Rc2 Qd3 32. Rd2 Qg6 33. f5 Qg5 34. Rh1 Nb6 35. Rd3 Nc4 36. Qa2 Ne3+ 37. Bxe3 Rxe3 38. Qd2 Rae8 39. Re1 1-0

[Event "Sentjur Ipavec Memorial 8th"]
[Site "Sentjur"]
[Date "2007.12.15"]
[Round "7"]
[White "Grm, Ivan"]
[Black "Pahole, Samanta"]
[Result "1-0"]
[WhiteElo "2067"]
[BlackElo "1544"]
[PlyCount "69"]
[EventDate "2007.12.08"]
[EventType "swiss"]
[EventRounds "9"]
[EventCountry "SLO"]
[SourceTitle "EXT 2010"]
[Source "ChessBase"]
[SourceDate "2010.11.25"]
[SourceVersion "1"]
[SourceVersionDate "2010.11.25"]
[SourceQuality "1"]

1. e4 e5 2. Nf3 Nc6 3. d4 d6 4. dxe5 Nxe5 5. Nxe5 dxe5 6. Qxd8+ Kxd8 7. Nc3 Bb4 8. Bd2 Nf6 9. 0-0-0 Ke8 10. f3 Be6 11. Nb5 Bxd2+ 12. Rxd2 Ke7 13. Nxc7 Rac8 14. Nxe6 Kxe6 15. Be2 Rc5 16. Rhd1 Rhc8 17. g4 g5 18. h4 h6 19. hxg5 hxg5 20. Rh1 a5 21. a4 Ke7 22. b3 Kf8 23. Bc4 Kg7 24. Rd6 b5 25. axb5 a4 26. Kb2 Ra8 27. Ra6 Rxa6 28. bxa6 axb3 29. cxb3 Nd7 30. a7 Nb6 31. Ra1 Rc8 32. Bd5 Nxd5 33. exd5 Ra8 34. b4 Kf8 35. b5 1-0

[Event "Sentjur Ipavec Memorial 8th"]
[Site "Sentjur"]
[Date "2007.12.08"]
[Round "1"]
[White "Vidic, Stojan"]
[Black "Grm, Ivan"]
[Result "0-1"]
[WhiteElo "1555"]
[BlackElo "2067"]
[PlyCount "120"]
[EventDate "2007.12.08"]
[EventType "swiss"]
[EventRounds "9"]
[EventCountry "SLO"]
[SourceTitle "EXT 2010"]
[Source "ChessBase"]
[SourceDate "2010.11.25"]
[SourceVersion "1"]
[SourceVersionDate "2010.11.25"]
[SourceQuality "1"]

1. e4 c5 2. Nf3 Nc6 3. d4 cxd4 4. Nxd4 d6 5. Nc3 g6 6. Be3 Bg7 7. Qd2 Nf6 8. f3 a6 9. Nxc6 bxc6 10. Rb1 Qc7 11. Na4 Rb8 12. Bc4 0-0 13. 0-0 d5 14. exd5 cxd5 15. Bb3 e6 16. Rfe1 Rd8 17. Bf4 Qa7+ 18. Kh1 Rb7 19. c3 Nh5 20. Be3 d4 21. g4 Rbd7 22. gxh5 dxe3 23. Qxe3 Qxe3 24. Rxe3 Rd2 25. Nc5 Bh6 26. Re5 Rxh2+ 27. Kxh2 Bf4+ 28. Kg1 Bxe5 29. Ne4 Bb7 30. Kf2 Bxe4 31. fxe4 g5 32. Rd1 Rxd1 33. Bxd1 Kf8 34. a4 a5 35. Ke3 Ke7 36. Kd3 Kd6 37. b4 axb4 38. cxb4 Kc6 39. Kc4 h6 40. a5 Bd6 41. Bg4 Bf4 42. b5+ Kb7 43. Kc5 Be3+ 44. Kc4 Bd2 45. a6+ Kb6 46. Bh3 Be3 47. Bg4 Bf2 48. Bh3 Kc7 49. Kb4 Bb6 50. Kc4 Kd6 51. Bg2 Ke5 52. Kd3 f5 53. exf5 exf5 54. Bc6 g4 55. Ke2 Kf4 56. Kf1 Kg5 57. Be8 Kh4 58. Kg2 f4 59. Bf7 f3+ 60. Kf1 g3 0-1

[Event "Slovenske Konjice op 4th"]
[Site "Slovenske Konjice"]
[Date "2007.04.22"]
[Round "9"]
[White "Grm, Ivan"]
[Black "Krumpacnik, Domen"]
[Result "0-1"]
[WhiteElo "2072"]
[BlackElo "2406"]
[PlyCount "82"]
[EventDate "2007.04.13"]
[EventType "swiss"]
[EventRounds "9"]
[EventCountry "SLO"]
[SourceTitle "CBM 118 Extra"]
[Source "ChessBase"]
[SourceDate "2007.07.04"]
[SourceVersion "1"]
[SourceVersionDate "2007.07.04"]
[SourceQuality "1"]

1. e4 c5 2. Nf3 g6 3. d4 cxd4 4. Nxd4 Bg7 5. Nc3 Nc6 6. Be3 Nf6 7. Be2 0-0 8. Nxc6 bxc6 9. e5 Ne8 10. f4 f6 11. exf6 Nxf6 12. Bd4 Qc7 13. 0-0 Rb8 14. Rb1 d6 15. Kh1 Be6 16. a3 c5 17. Bxf6 Bxf6 18. Nd5 Qd7 19. Nxf6+ Rxf6 20. c4 a5 21. Qd2 a4 22. Rbc1 Qb7 23. Rc2 Qe4 24. Bd3 Qd4 25. Be2 Qxd2 26. Rxd2 Rbf8 27. g3 g5 28. Re1 gxf4 29. gxf4 Kh8 30. Rf1 Rxf4 31. Rxf4 Rxf4 32. Rc2 Kg7 33. Kg1 Kf6 34. Bd3 Bh3 35. Rf2 Rxf2 36. Kxf2 Bf5 37. Ke3 Bxd3 38. Kxd3 e5 39. b3 axb3 40. a4 Ke6 41. Kc3 Kd7 0-1

[Event "Slovenske Kojnice op 2nd"]
[Site "Slovenske Kojnice"]
[Date "2005.04.10"]
[Round "3"]
[White "Grm, Ivan"]
[Black "Florjancic, Rudolf"]
[Result "1/2-1/2"]
[WhiteElo "1740"]
[BlackElo "2075"]
[PlyCount "71"]
[EventDate "2005.04.09"]
[EventType "swiss"]
[EventRounds "5"]
[EventCountry "SLO"]
[SourceTitle "EXT 2019"]
[Source "ChessBase"]
[SourceDate "2018.10.10"]
[SourceVersion "1"]
[SourceVersionDate "2018.10.10"]
[SourceQuality "1"]

1. e4 c5 2. Nf3 d6 3. d4 cxd4 4. Nxd4 Nf6 5. Nc3 a6 6. Be2 Qc7 7. 0-0 e6 8. f4 Nbd7 9. Kh1 b6 10. Bf3 Bb7 11. Re1 Be7 12. e5 dxe5 13. fxe5 Ng8 14. Bf4 0-0-0 15. Bxb7+ Qxb7 16. Qf3 g5 17. Bg3 Qxf3 18. gxf3 h5 19. Nc6 Rf8 20. Nxe7+ Nxe7 21. Bf2 Nf5 22. Rad1 Rd8 23. Kg2 Rhg8 24. Re4 Kb7 25. Ne2 Nb8 26. Rxd8 Rxd8 27. Nc3 Rd2 28. Re2 Rxe2 29. Nxe2 Nd7 30. f4 gxf4 31. Nxf4 Nxe5 32. Nxh5 Kc6 33. Nf6 b5 34. h4 Kd6 35. Ne4+ Kd5 36. Nf6+ 1/2-1/2

[Event "Slovenske Kojnice op 2nd"]
[Site "Slovenske Kojnice"]
[Date "2005.04.10"]
[Round "4"]
[White "Zajsek, Franc"]
[Black "Grm, Ivan"]
[Result "1-0"]
[WhiteElo "1628"]
[BlackElo "1740"]
[PlyCount "69"]
[EventDate "2005.04.09"]
[EventType "swiss"]
[EventRounds "5"]
[EventCountry "SLO"]
[SourceTitle "EXT 2019"]
[Source "ChessBase"]
[SourceDate "2018.10.10"]
[SourceVersion "1"]
[SourceVersionDate "2018.10.10"]
[SourceQuality "1"]

1. d4 Nf6 2. Nf3 g6 3. c4 d6 4. Nc3 Bg7 5. e4 c5 6. dxc5 Qa5 7. Bd3 Qxc5 8. 0-0 0-0 9. Be3 Qc7 10. Rc1 b6 11. b4 Bb7 12. Qd2 Nbd7 13. h3 Rac8 14. Rc2 Qb8 15. Rfc1 Qa8 16. Nd5 Nxd5 17. exd5 e5 18. Ng5 Qb8 19. a4 h6 20. Ne4 f5 21. Bxh6 fxe4 22. Bxe4 Kh7 23. Bxg6+ Kh8 24. Qg5 Rf6 25. Bxg7+ Kxg7 26. Be8+ Kf8 27. Bxd7 Ke7 28. Bxc8 Qxc8 29. Rd1 Qh8 30. Rd3 Kf7 31. Rg3 Bc8 32. c5 bxc5 33. bxc5 Qh7 34. cxd6 Bd7 35. Qxe5 1-0